000 01042cam a2200313 i 4500
001 016868561
003 EG-ScBUE
005 20230329110022.0
008 140709t2014 enka f 001 0 eng d
020 _a9781781579756 (pbk.)
020 _a0486491064
040 _aStDuBDS
_beng
_erda
_cStDuBDS
_dEG-ScBUE
082 0 4 _a778.936
_222
_bREB
100 0 _aRebekka Guđleifsdóttir,‏
_d1978-
_eauthor.
_938352
245 1 0 _aMoodscapes :
_bthe theory & practice of fine-art landscape photography /
_cRebekka Guđleifsdóttir.
246 3 _aMoodscapes :
_bthe theory and practice of fine-art landscape photography
264 1 _aLewes :
_bIlex Press,
_c[2014]
264 4 _cc2014
300 _a176 pages :
_billustrations ;
_c26 cm
336 _2rdacontent
_atext
_btxt
337 _2rdamedia
_aunmediated
_bn
338 _2rdacarrier
_avolume
_bnc
500 _aIncludes index.
650 7 _aLandscape photography.
_2BUEsh
651 _2BUEsh
653 _bCOMAME
_bGGEN
_cJune2015
_cAugust2015
655 _vReading book
942 _2ddc
_cBB
999 _c19673
_d19645